| 000 | 05965cam a22009134i 4500 | ||
|---|---|---|---|
| 003 | PE-LiUPU | ||
| 005 | 20250731165351.0 | ||
| 008 | 150617s1979 sp r 000 0 spa d | ||
| 020 |
_a8434539608 _q(Obra completa) |
||
| 020 |
_a8434539624 _q(Tomo 1) |
||
| 020 |
_a8434539624 _q(Tomo 2) |
||
| 020 |
_a8434539632 _q(Tomo 3) |
||
| 020 |
_a8434539640 _q(Tomo 4) |
||
| 020 |
_a8434539659 _q(Tomo 5) |
||
| 020 |
_a8434539667 _q(Tomo 6) |
||
| 020 |
_a8434539675 _q(Tomo 7) |
||
| 020 |
_a8434539683 _q(Tomo 8) |
||
| 020 |
_a8434539691 _q(Tomo 9) |
||
| 020 |
_a8434539705 _q(Tomo 10) |
||
| 020 |
_a8434539713 _q(Tomo 11) |
||
| 020 |
_a8434539721 _q(Tomo 12) |
||
| 035 | _a(Sirsi) i9788434539679 | ||
| 040 |
_aPE-LiUPU _bspa _cPE-LiUPU _erda |
||
| 049 | _aPRUA | ||
| 082 | 0 | 4 |
_a370.07 _bU6 _221 |
| 245 | 0 | 0 |
_aUniversitas / _cdirector Juan Salvat. |
| 264 | 1 |
_aBarcelona : _bSalvat, _c1979. |
|
| 300 |
_a240 páginas ; _c29 centímetros. |
||
| 336 |
_atext _2rdacontent |
||
| 337 |
_aunmediated _2rdamedia |
||
| 338 |
_avolume _2rdacarrier |
||
| 505 | 0 |
_aTomo 1, _tLa historia -- Prehistoria -- Historia antigua -- Historia medieval -- Historia moderna. |
|
| 505 | 0 |
_aTomo 2, _tLa historia ii -- Historia moderna -- Historia contemporánea. |
|
| 505 | 0 |
_aTomo 3, _tSistemática -- La arquitectura de la vida -- La maquinaria de la vida -- Vida e información. |
|
| 505 | 0 |
_aTomo 4, _tLa vida ii -- Vida y evolución -- El comportamiento -- El ser vivo y su ambiente. |
|
| 505 | 0 |
_aTomo 5, _tEl pensamiento -- Pensamiento antiguo y medieval -- Pensamiento moderno -- Pensamiento en el siglo XX. |
|
| 505 | 0 |
_aTomo 6, _tLas artes -- Fotografías y cine -- Espestáculos -- Música -- Artes plásticas. |
|
| 505 | 0 |
_aTomo 7, _tLa literaruta -- ¿Quién nos enseñó a escribir?. El indoeuropeo -- Orígenes de la literatura: El ramayama. La iliada. Evolución de la poesía épica. La lírica griega arcaica. El espectáculo teatral en la antigua Grecia. Evolucion de la comedia. Los historiadores antiguos. La oratoria antigua -- La literatura medieval y moderna: El poema del Cid. Dante Alighieri -- La historia del libro. Cervantes. Lope de Vega. William Shakespeare. Moliere y la comedia clásica francesa. Mito y desmitificación de Goethe -- La literatura contemporánea: Charles Baudelaire, iniciador del simbolismo. Zola, maestro del naturalismo. La gran narrativa ruse y Lev Tolstói. Franz Kafka. Bertolt Brecht, un hombre de teatro. Jorge Luis Borges. Ernest Hemingway. Federico García Lorce -- La novela policiaca. La crítica literaria. |
|
| 505 | 0 |
_aTomo 8, _tEl hombre -- Concepción y desarrollo -- La herencia humana -- Los órganos del cuerpo -- La psique -- Patología y terapéutica. |
|
| 505 | 0 |
_aTomo 9, _tLa sociedad -- Demografía -- Urbanismo -- Sociología -- Teoría económica. |
|
| 505 | 0 |
_aTomo 10, _tMateria y energía -- Química y termodinámica -- Mecánica -- óptica y electromagnetismo -- Física moderna. |
|
| 505 | 0 |
_aTomo 11, _tEl universo y la tierra -- Astronomía -- Meteorología -- Geología. |
|
| 505 | 0 |
_aTomo 12, _tLa matemática -- Lógica y teoría de conjuntos -- Teoría de númros -- Geometría -- Álgebra -- Análisis -- Topología -- Matemática aplicada. |
|
| 526 | _aSEG44 | ||
| 526 | _aSEG26 | ||
| 526 | _aP151 | ||
| 526 | _aP150 | ||
| 526 | _aP149 | ||
| 526 | _aP146 | ||
| 526 | _aP145 | ||
| 526 | _aP126 | ||
| 526 | _aP125 | ||
| 526 | _aP92 | ||
| 526 | _aP75 | ||
| 526 | _aP74 | ||
| 526 | _aP27 | ||
| 526 | _aP15 | ||
| 650 | 0 | 4 | _aLiteratura. |
| 700 | 1 |
_aSalvat, Juan, _edirector. |
|
| 910 |
_ajck _bjvq _cjck _d20150616 |
||
| 910 |
_adbm _bncf _cncf _d20190521 |
||
| 942 |
_2ddc _cBOOK |
||
| 949 |
_aRC 370.07 U6 7 _wDEWEY _c1 _i34987 _lCCODEBUL1 _mBUL _r0 _sY _tBOOK _u2015-4-21 _xEDUCACION _zUNKNOWN _0COMPRA _o.STAFF. Colección General |
||
| 994 |
_aC0 _bPEPRU |
||
| 596 | _a1 | ||
| 999 |
_aRC 370.07 U6 7 _wDEWEY _c515 _i34987 _f2021-11-8 _g6 _lRCG _mBUL _p10.00 _r1 _sY _tBOOK _u2015-4-21 _xBIBLIOTECA _zUNKNOWN _0COMPRA _o.STAFF. Colección General _d515 |
||
| 999 |
_aRC 370.07 U6 T1 _wDEWEY _c1 _i34981 _f2019-12-11 _g2 _lDISCARD _mBUL _p10.00 _r1 _sY _tBOOK _u2019-5-21 _xEDUCACION _zUNKNOWN _0COMPRA _o.STAFF. Colección General |
||
| 999 |
_aRC 370.07 U6 T2 _wDEWEY _c1 _i34982 _f2019-12-11 _g2 _lDISCARD _mBUL _p10.00 _r1 _sY _tBOOK _u2019-5-21 _xEDUCACION _PP14 _0COMPRA _o.STAFF. Colección General |
||
| 999 |
_aRC 370.07 U6 3 _wDEWEY _c1 _i34983 _f2021-11-8 _g3 _lRCG _mBUL _p10.00 _r1 _sY _tBOOK _u2019-5-21 _xBIBLIOTECA _zUNKNOWN _0COMPRA _o.STAFF. Colección General |
||
| 999 |
_aRC 370.07 U6 4 _wDEWEY _c1 _i34984 _f2019-12-11 _g2 _lDISCARD _mBUL _p10.00 _r1 _sY _tBOOK _u2019-5-21 _xEDUCACION _zUNKNOWN _0COMPRA _o.STAFF. Colección General |
||
| 999 |
_aRC 370.07 U6 5 _wDEWEY _c1 _i34985 _f2021-11-8 _g3 _lRCG _mBUL _p10.00 _r1 _sY _tBOOK _u2019-5-21 _xBIBLIOTECA _zUNKNOWN _0COMPRA _o.STAFF. Colección General |
||
| 999 |
_aRC 370.07 U6 6 _wDEWEY _c1 _i34986 _f2021-11-8 _g3 _lRCG _mBUL _p10.00 _r1 _sY _tBOOK _u2019-5-21 _xBIBLIOTECA _zUNKNOWN _0COMPRA _o.STAFF. Colección General |
||
| 999 |
_aRC 370.07 U6 8 _wDEWEY _c1 _i34988 _f2021-11-8 _g3 _lRCG _mBUL _p10.00 _r1 _sY _tBOOK _u2019-5-21 _xBIBLIOTECA _zUNKNOWN _0COMPRA _o.STAFF. Colección General |
||
| 999 |
_aRC 370.07 U6 9 _wDEWEY _c1 _i34989 _f2021-11-8 _g3 _lRCG _mBUL _p10.00 _r1 _sY _tBOOK _u2019-5-21 _xBIBLIOTECA _zUNKNOWN _0COMPRA _o.STAFF. Colección General |
||
| 999 |
_aRC 370.07 U6 10 _wDEWEY _c1 _i34990 _f2021-11-8 _g3 _lRCG _mBUL _p10.00 _r1 _sY _tBOOK _u2019-5-21 _xBIBLIOTECA _zUNKNOWN _0COMPRA _o.STAFF. Colección General |
||
| 999 |
_aRC 370.07 U6 11 _wDEWEY _c1 _i34991 _f2021-11-8 _g3 _lRCG _mBUL _p10.00 _r1 _sY _tBOOK _u2019-5-21 _xBIBLIOTECA _zUNKNOWN _0COMPRA _o.STAFF. Colección General |
||
| 999 |
_aRC 370.07 U6 12 _wDEWEY _c1 _i34992 _f2021-11-8 _g3 _lRCG _mBUL _p10.00 _r1 _sY _tBOOK _u2019-5-21 _xBIBLIOTECA _zUNKNOWN _0COMPRA _o.STAFF. Colección General |
||
| 980 |
_81 _gALBERTO SANCHEZ Responsable de Automatización |
||